[Event "Vladimir Petrov Memorial op"]
[Site "Jurmala"]
[Date "2016.03.05"]
[Round "5"]
[White "Neiksans, Arturs"]
[Black "Zhigalko, Sergei"]
[Result "0-1"]
[WhiteElo "2607"]
[BlackElo "2647"]
[PlyCount "56"]
[EventDate "2016.03.05"]
[EventType "swiss (rapid)"]
[EventRounds "12"]
[EventCountry "LAT"]
[SourceTitle "CBM 171 Extra"]
[Source "ChessBase"]
[SourceDate "2016.04.26"]
[SourceVersion "1"]
[SourceVersionDate "2016.04.26"]
[SourceQuality "1"]

1. Nf3 d5 2. g3 c6 3. Bg2 Bg4 4. d3 e6 5. Nbd2 Bd6 6. O-O Ne7 7. c4 O-O 8. b3 a5 9. a3 e5 10. Bb2 f6 11. d4 e4 12. Ne1 f5 13. f4 c5 14. Nc2 Nbc6 15. Ne3 Bh5 16. cxd5 Nxd4 17. Rf2 Bc7 18. g4 Bg6 19. gxf5 Nexf5 20. Nxf5 Nxf5 21. Bxe4 Ne3 22. Qb1 Ra6 23. Qd3 Bxf4 24. Nc4 Re8 25. Qc3 Qg5+ 26. Rg2 Qh6 27. Rf1 Nxg2 28. Bxg2 Bxh2+ 0-1

[Event "Vladimir Petrov Memorial op"]
[Site "Jurmala"]
[Date "2016.03.05"]
[Round "6"]
[White "Van Wely, Loek"]
[Black "Zhigalko, Sergei"]
[Result "1-0"]
[WhiteElo "2653"]
[BlackElo "2647"]
[PlyCount "81"]
[EventDate "2016.03.05"]
[EventType "swiss (rapid)"]
[EventRounds "12"]
[EventCountry "LAT"]
[SourceTitle "CBM 171 Extra"]
[Source "ChessBase"]
[SourceDate "2016.04.26"]
[SourceVersion "1"]
[SourceVersionDate "2016.04.26"]
[SourceQuality "1"]

1. Nf3 d5 2. d4 c6 3. c4 e6 4. Nbd2 f5 5. g3 Bd6 6. Bg2 Nd7 7. Qc2 Ngf6 8. O-O O-O 9. a3 a5 10. Rb1 Qe7 11. Ne1 b6 12. Nd3 a4 13. Nf3 Ba6 14. Nde5 Bxe5 15. dxe5 Ne4 16. cxd5 cxd5 17. Bd2 Rfc8 18. Qd1 Qe8 19. Bf4 Bc4 20. Nd4 Nec5 21. Rc1 Nb3 22. Rxc4 dxc4 23. Nxe6 Ra5 24. Ng5 Rcc5 25. Qd6 Nxe5 26. Rd1 h6 27. Qxb6 Nf7 28. Nxf7 Qxf7 29. Qd8+ Kh7 30. Rd7 Qe6 31. Be3 Re5 32. Bf4 Rxe2 33. Bf3 Re1+ 34. Kg2 c3 35. bxc3 Qc4 36. Kh3 Qa6 37. Rd6 Qa7 38. Rd7 Qxf2 39. Qf8 Qf1+ 40. Bg2 Qxg2+ 41. Kxg2 1-0

[Event "Vladimir Petrov Memorial op"]
[Site "Jurmala"]
[Date "2016.03.06"]
[Round "7"]
[White "Zhigalko, Sergei"]
[Black "Krasenkow, Michal"]
[Result "1-0"]
[WhiteElo "2647"]
[BlackElo "2610"]
[PlyCount "135"]
[EventDate "2016.03.05"]
[EventType "swiss (rapid)"]
[EventRounds "12"]
[EventCountry "LAT"]
[SourceTitle "CBM 171 Extra"]
[Source "ChessBase"]
[SourceDate "2016.04.26"]
[SourceVersion "1"]
[SourceVersionDate "2016.04.26"]
[SourceQuality "1"]

1. e4 g6 2. d4 Bg7 3. Nc3 c6 4. Nf3 d6 5. Be3 Nf6 6. h3 O-O 7. a4 a5 8. Bd3 Na6 9. O-O Nb4 10. Qd2 Nxd3 11. cxd3 e5 12. Bh6 Re8 13. Bxg7 Kxg7 14. Ne2 Qc7 15. Qc3 Bd7 16. Rfc1 Re7 17. Qa3 Rae8 18. b4 axb4 19. Qxb4 Bc8 20. a5 Nd7 21. Nc3 Qb8 22. dxe5 dxe5 23. Na4 Re6 24. Rc3 Qd6 25. Rb1 Qxb4 26. Rxb4 Rd6 27. Kf1 Re7 28. Ke2 f6 29. Rcb3 Kf7 30. Nd2 Ke8 31. Nc4 Rd4 32. Ke3 Re6 33. Rxb7 Bxb7 34. Rxb7 c5 35. Ra7 Kd8 36. Nc3 Nb8 37. Rxh7 Rd7 38. Rh8+ Kc7 39. Nb6 Rf7 40. Nca4 Na6 41. Rc8+ Kb7 42. Nxc5+ Nxc5 43. Rxc5 Rc6 44. Rxc6 Kxc6 45. f4 exf4+ 46. Kxf4 Kb5 47. Nc4 Rd7 48. Ke3 g5 49. e5 fxe5 50. Nxe5 Re7 51. Ke4 Kxa5 52. Kf5 Kb6 53. d4 Rg7 54. Kf6 Rg8 55. g4 Kc7 56. Nf7 Kc6 57. Nxg5 Kd5 58. Ne6 Ke4 59. g5 Rh8 60. g6 Rh6 61. d5 Kxd5 62. Kf7 Ke5 63. g7 Rh7 64. Ng5 Rxg7+ 65. Kxg7 Kf5 66. Kh6 Kf4 67. Kh5 Kg3 68. h4 1-0

[Event "Vladimir Petrov Memorial op"]
[Site "Jurmala"]
[Date "2016.03.06"]
[Round "8"]
[White "Zhigalko, Sergei"]
[Black "Alekseev, Evgeny V"]
[Result "1/2-1/2"]
[WhiteElo "2647"]
[BlackElo "2631"]
[PlyCount "71"]
[EventDate "2016.03.05"]
[EventType "swiss (rapid)"]
[EventRounds "12"]
[EventCountry "LAT"]
[SourceTitle "CBM 171 Extra"]
[Source "ChessBase"]
[SourceDate "2016.04.26"]
[SourceVersion "1"]
[SourceVersionDate "2016.04.26"]
[SourceQuality "1"]

1. e4 e5 2. Nf3 Nc6 3. Bb5 Nf6 4. O-O Nxe4 5. d4 Nd6 6. Bxc6 dxc6 7. dxe5 Nf5 8. Qxd8+ Kxd8 9. Nc3 Ke8 10. h3 Ne7 11. b3 Ng6 12. Bb2 Bd7 13. Rad1 Rd8 14. Nd4 Nf4 15. Nce2 Nxe2+ 16. Nxe2 h5 17. c4 h4 18. f4 Bf5 19. Rxd8+ Kxd8 20. Rd1+ Ke8 21. Kf2 Be7 22. Bd4 a6 23. Be3 Bc8 24. Nd4 Rh5 25. Kf3 Bd8 26. Ne2 Be7 27. Nc3 b6 28. Ne2 Bd7 29. Kf2 f6 30. Bd4 b5 31. Rc1 c5 32. Bb2 Be6 33. Ke3 Kf7 34. Rc2 Rh8 35. Nc1 Rh6 36. Ne2 1/2-1/2

[Event "Vladimir Petrov Memorial op"]
[Site "Jurmala"]
[Date "2016.03.06"]
[Round "9"]
[White "Lintchevski, Daniil"]
[Black "Zhigalko, Sergei"]
[Result "1/2-1/2"]
[WhiteElo "2561"]
[BlackElo "2647"]
[PlyCount "52"]
[EventDate "2016.03.05"]
[EventType "swiss (rapid)"]
[EventRounds "12"]
[EventCountry "LAT"]
[SourceTitle "CBM 171 Extra"]
[Source "ChessBase"]
[SourceDate "2016.04.26"]
[SourceVersion "1"]
[SourceVersionDate "2016.04.26"]
[SourceQuality "1"]

1. Nf3 d5 2. d4 c6 3. c4 e6 4. Nbd2 f5 5. g3 Bd6 6. Bg2 Nd7 7. O-O Ngf6 8. Ne1 O-O 9. Nd3 Qe7 10. b3 b6 11. Bb2 Bb7 12. Nf3 dxc4 13. bxc4 c5 14. e3 Rac8 15. Rc1 Rc7 16. Qb3 Be4 17. Rfd1 Qe8 18. dxc5 bxc5 19. Nf4 Qe7 20. Ng5 Rb8 21. Qa3 Bxg2 22. Kxg2 e5 23. Nd5 Nxd5 24. Rxd5 Nf6 25. Rdd1 Rcb7 26. Ba1 h6 1/2-1/2

[Event "Vladimir Petrov Memorial op"]
[Site "Jurmala"]
[Date "2016.03.06"]
[Round "10"]
[White "Zhigalko, Sergei"]
[Black "Shabalov, Alexander"]
[Result "0-1"]
[WhiteElo "2647"]
[BlackElo "2520"]
[PlyCount "97"]
[EventDate "2016.03.05"]
[EventType "swiss (rapid)"]
[EventRounds "12"]
[EventCountry "LAT"]
[SourceTitle "CBM 171 Extra"]
[Source "ChessBase"]
[SourceDate "2016.04.26"]
[SourceVersion "1"]
[SourceVersionDate "2016.04.26"]
[SourceQuality "1"]

1. e4 c5 2. Nf3 e6 3. c3 b6 4. d4 Bb7 5. Bd3 Ne7 6. Be3 Ng6 7. h4 Qc7 8. g3 h6 9. h5 Ne7 10. Na3 Nc8 11. Nb5 Qd8 12. Ne5 Nc6 13. Nxc6 dxc6 14. Na3 cxd4 15. cxd4 Bb4+ 16. Kf1 O-O 17. Qg4 Kh8 18. Rd1 f5 19. exf5 exf5 20. Bxf5 Nd6 21. Bb1 Bc8 22. Qh4 Qe8 23. Kg1 b5 24. Bg6 Qd7 25. Nc2 Ba5 26. Bf4 Bd8 27. Bxd6 Bxh4 28. Bxf8 Bg5 29. Re1 c5 30. dxc5 Bb7 31. Bd6 Qg4 32. Rh2 Bd2 33. Rf1 Qf3 34. Nd4 Qd5 35. Nxb5 Qxa2 36. Nc7 Rd8 37. Rd1 Qa4 38. b3 Qa2 39. Ne6 Qxb3 40. Rxd2 Qxe6 41. Rd1 a5 42. Rh4 Qe2 43. Ra1 Qf3 44. Rh2 a4 45. Kf1 Bc6 46. Kg1 a3 47. Kf1 a2 48. Kg1 Qc3 49. Rc1 0-1

[Event "Vladimir Petrov Memorial op"]
[Site "Jurmala"]
[Date "2016.03.06"]
[Round "11"]
[White "Kantans, Toms"]
[Black "Zhigalko, Sergei"]
[Result "1-0"]
[WhiteElo "2496"]
[BlackElo "2647"]
[PlyCount "93"]
[EventDate "2016.03.05"]
[EventType "swiss (rapid)"]
[EventRounds "12"]
[EventCountry "LAT"]
[SourceTitle "CBM 171 Extra"]
[Source "ChessBase"]
[SourceDate "2016.04.26"]
[SourceVersion "1"]
[SourceVersionDate "2016.04.26"]
[SourceQuality "1"]

1. e4 c5 2. Nf3 Nc6 3. d4 cxd4 4. Nxd4 Nf6 5. Nc3 e5 6. Ndb5 d6 7. Bg5 a6 8. Na3 b5 9. Nd5 Be7 10. Bxf6 Bxf6 11. c4 b4 12. Nc2 O-O 13. g3 a5 14. h4 Be6 15. Bg2 Rb8 16. O-O Be7 17. Qd3 Qd7 18. Rad1 Bd8 19. b3 Qa7 20. Kh2 Rb7 21. Bh3 Qc5 22. Qe2 Nb8 23. Nde3 Bb6 24. Nf5 Rd8 25. Rd2 g6 26. Nfe3 Qc8 27. Bxe6 fxe6 28. h5 Rg7 29. Ng4 Qc7 30. f4 exf4 31. Rxf4 Nc6 32. Qf1 Re7 33. Rf6 gxh5 34. Nh6+ Kg7 35. Qf4 Ne5 36. Qg5+ Kh8 37. Qxh5 Qc5 38. Nd4 Nxc4 39. Nf7+ Rxf7 40. Qxf7 Ne5 41. Qe7 Ng4+ 42. Kg2 Nxf6 43. Qxf6+ Kg8 44. Nxe6 Qc3 45. Qg5+ Kh8 46. Nxd8 Be3 47. Nf7# 1-0

[Event "Chebanenco Memorial"]
[Site "Kishinev"]
[Date "2016.03.11"]
[Round "1"]
[White "Zhigalko, Sergei"]
[Black "Bulmaga, Irina"]
[Result "1-0"]
[WhiteElo "2647"]
[BlackElo "2369"]
[PlyCount "71"]
[EventDate "2016.03.11"]
[EventType "swiss (rapid)"]
[EventRounds "9"]
[EventCountry "MDA"]
[SourceTitle "CBM 171 Extra"]
[Source "ChessBase"]
[SourceDate "2016.04.26"]
[SourceVersion "1"]
[SourceVersionDate "2016.04.26"]
[SourceQuality "1"]

1. e4 e5 2. Nf3 Nc6 3. Bc4 Bc5 4. O-O Nf6 5. d3 O-O 6. Nbd2 d5 7. exd5 Nxd5 8. Ne4 Be7 9. Re1 Bg4 10. h3 Bh5 11. Ng3 Bg6 12. Nxe5 Nxe5 13. Rxe5 c6 14. Re1 Bf6 15. Ne4 Be5 16. c3 b5 17. Bb3 Bb8 18. Qf3 h5 19. Bg5 f6 20. Bf4 Bxf4 21. Qxf4 Kh7 22. Qf3 Qc7 23. Nc5 Qd6 24. Bxd5 cxd5 25. d4 Rfe8 26. Qg3 Qb6 27. Nd3 Bxd3 28. Qxd3+ Kh6 29. Re3 b4 30. Rae1 Rxe3 31. Qxe3+ Kg6 32. Qg3+ Kh6 33. Re7 Rg8 34. Qf4+ Kg6 35. g4 hxg4 36. hxg4 1-0

[Event "Chebanenco Memorial"]
[Site "Kishinev"]
[Date "2016.03.11"]
[Round "2"]
[White "Romanov, Evgeny"]
[Black "Zhigalko, Sergei"]
[Result "1/2-1/2"]
[WhiteElo "2635"]
[BlackElo "2647"]
[PlyCount "109"]
[EventDate "2016.03.11"]
[EventType "swiss (rapid)"]
[EventRounds "9"]
[EventCountry "MDA"]
[SourceTitle "CBM 171 Extra"]
[Source "ChessBase"]
[SourceDate "2016.04.26"]
[SourceVersion "1"]
[SourceVersionDate "2016.04.26"]
[SourceQuality "1"]

1. d4 Nf6 2. c4 e6 3. Nf3 b6 4. g3 Ba6 5. Qb3 Nc6 6. Nbd2 Na5 7. Qc3 d5 8. c5 Rb8 9. Ne5 Nd7 10. Nxd7 Qxd7 11. b4 Nc4 12. e3 bxc5 13. dxc5 Nxd2 14. Bxd2 Bxf1 15. Kxf1 Qc6 16. f3 a5 17. a3 Rg8 18. Kf2 g5 19. Rab1 axb4 20. axb4 g4 21. Qd3 gxf3 22. b5 Qxc5 23. Rhc1 Qa7 24. Rc6 Rg4 25. Rbc1 Bd6 26. Qxh7 Ke7 27. Kxf3 Rc4 28. R6xc4 dxc4 29. Qh4+ Kf8 30. Bc3 Qb7+ 31. e4 Qxb5 32. Qh8+ Ke7 33. Qf6+ Ke8 34. Kg2 Qh5 35. Qf1 Qc5 36. Qf3 Be5 37. Rf1 f6 38. Qh5+ Ke7 39. Qh7+ Kd6 40. Rd1+ Kc6 41. Qd7+ Kb7 42. Rb1+ Ka8 43. Qa4+ Qa7 44. Qc6+ Rb7 45. Ra1 Bxc3 46. Qe8+ Rb8 47. Qc6+ Rb7 48. Rxa7+ Kxa7 49. Qxc4 Rb2+ 50. Kh3 Be5 51. Qxe6 Kb7 52. Qd7 Kb6 53. Qd8 Kb5 54. Qd7+ Kb6 55. Qd8 1/2-1/2

[Event "Chebanenco Memorial"]
[Site "Kishinev"]
[Date "2016.03.11"]
[Round "4"]
[White "Filip, Lucian Ioan"]
[Black "Zhigalko, Sergei"]
[Result "0-1"]
[WhiteElo "2447"]
[BlackElo "2647"]
[PlyCount "98"]
[EventDate "2016.03.11"]
[EventType "swiss (rapid)"]
[EventRounds "9"]
[EventCountry "MDA"]
[SourceTitle "CBM 171 Extra"]
[Source "ChessBase"]
[SourceDate "2016.04.26"]
[SourceVersion "1"]
[SourceVersionDate "2016.04.26"]
[SourceQuality "1"]

1. d4 Nf6 2. c4 e6 3. Nc3 Bb4 4. Qc2 O-O 5. Nf3 c5 6. dxc5 Na6 7. g3 Nxc5 8. Bg2 b6 9. O-O Bb7 10. Nb5 Be4 11. Qd1 Nb7 12. Bf4 d5 13. a3 Be7 14. Nc3 Rc8 15. cxd5 Bxd5 16. Nxd5 Nxd5 17. Ne5 Bf6 18. Bxd5 exd5 19. Nd3 Re8 20. Rc1 Rxc1 21. Bxc1 Qd7 22. Nf4 d4 23. e3 Rd8 24. exd4 Bxd4 25. Qf3 Na5 26. Kg2 Be5 27. Re1 Nc6 28. h4 h6 29. Qe4 b5 30. Nd3 Qxd3 31. Qxc6 Qd5+ 32. Qxd5 Rxd5 33. Re2 a5 34. Rc2 a4 35. Kf3 f5 36. g4 Rd3+ 37. Ke2 Rb3 38. gxf5 Kf7 39. f4 Bd4 40. Rd2 Be3 41. Rd7+ Ke8 42. Rc7 Bxc1 43. Rxc1 Rxb2+ 44. Kd3 Rb3+ 45. Rc3 Rxc3+ 46. Kxc3 Kd7 47. Kb4 Kc6 48. Ka5 Kc5 49. h5 Kc4 0-1

[Event "Chebanenco Memorial"]
[Site "Kishinev"]
[Date "2016.03.11"]
[Round "5"]
[White "Zhigalko, Sergei"]
[Black "Iordachescu, Viorel"]
[Result "1/2-1/2"]
[WhiteElo "2647"]
[BlackElo "2581"]
[PlyCount "98"]
[EventDate "2016.03.11"]
[EventType "swiss (rapid)"]
[EventRounds "9"]
[EventCountry "MDA"]
[SourceTitle "CBM 171 Extra"]
[Source "ChessBase"]
[SourceDate "2016.04.26"]
[SourceVersion "1"]
[SourceVersionDate "2016.04.26"]
[SourceQuality "1"]

1. e4 g6 2. d4 Bg7 3. Nc3 c6 4. Nf3 d6 5. Be3 Qb6 6. a3 Nf6 7. h3 O-O 8. Bd3 Nbd7 9. O-O Qc7 10. Qd2 e5 11. Bh6 Re8 12. Bxg7 Kxg7 13. Rad1 b5 14. dxe5 dxe5 15. Ne2 Nc5 16. Ng3 a5 17. b4 axb4 18. axb4 Ne6 19. Qc3 Nd7 20. Rd2 f6 21. Rfd1 Ndf8 22. Bf1 Bb7 23. Qe3 Rad8 24. c4 Rxd2 25. Rxd2 bxc4 26. Bxc4 Rd8 27. Rc2 Qd6 28. Qb3 Qd1+ 29. Kh2 Nf4 30. b5 cxb5 31. Bxb5 N8e6 32. Ba4 Ba8 33. Qb6 Qd6 34. Qa7+ Kh8 35. Bb3 Rf8 36. Rd2 Qb8 37. Qa3 Qe8 38. Ba4 Bc6 39. Bxc6 Qxc6 40. Rd6 Qc5 41. Qxc5 Nxc5 42. Nd2 Rf7 43. Nc4 Kg7 44. Rd2 Ra7 45. f3 h5 46. Ne2 Nxe2 47. Rxe2 h4 48. Ne3 Ne6 49. Nd5 Nf4 1/2-1/2

[Event "Chebanenco Memorial"]
[Site "Kishinev"]
[Date "2016.03.12"]
[Round "6"]
[White "Smirin, Ilia"]
[Black "Zhigalko, Sergei"]
[Result "1/2-1/2"]
[WhiteElo "2658"]
[BlackElo "2647"]
[PlyCount "38"]
[EventDate "2016.03.11"]
[EventType "swiss (rapid)"]
[EventRounds "9"]
[EventCountry "MDA"]
[SourceTitle "CBM 171 Extra"]
[Source "ChessBase"]
[SourceDate "2016.04.26"]
[SourceVersion "1"]
[SourceVersionDate "2016.04.26"]
[SourceQuality "1"]

1. c4 e5 2. Nc3 Nf6 3. Nf3 Nc6 4. a3 g6 5. g3 Bg7 6. Bg2 d6 7. O-O O-O 8. d3 Nd4 9. Nd2 a5 10. Rb1 c6 11. b4 axb4 12. axb4 d5 13. Bb2 Re8 14. b5 Be6 15. bxc6 bxc6 16. e3 Nf5 17. Nf3 Nd7 18. cxd5 cxd5 19. e4 dxe4 1/2-1/2

[Event "Chebanenco Memorial"]
[Site "Kishinev"]
[Date "2016.03.12"]
[Round "7"]
[White "Zhigalko, Sergei"]
[Black "Bernadskiy, Vitaliy"]
[Result "1/2-1/2"]
[WhiteElo "2647"]
[BlackElo "2526"]
[PlyCount "81"]
[EventDate "2016.03.11"]
[EventType "swiss (rapid)"]
[EventRounds "9"]
[EventCountry "MDA"]
[SourceTitle "CBM 171 Extra"]
[Source "ChessBase"]
[SourceDate "2016.04.26"]
[SourceVersion "1"]
[SourceVersionDate "2016.04.26"]
[SourceQuality "1"]

1. e4 c6 2. d4 d5 3. e5 Bf5 4. Nf3 e6 5. Be2 Nd7 6. O-O Bg6 7. Nbd2 Nh6 8. Nb3 Nf5 9. Bd2 Be7 10. g4 Nh6 11. h3 Ng8 12. Ne1 h5 13. gxh5 Bf5 14. Bg4 Bh7 15. Nd3 b6 16. Nf4 Nf8 17. Qe2 Nh6 18. c4 Bf5 19. Rfc1 Qd7 20. a4 Nh7 21. cxd5 cxd5 22. Ng2 Ng5 23. Bxg5 Bxg5 24. f4 Be7 25. Ne3 g6 26. Bxf5 Nxf5 27. Nxf5 gxf5 28. Kh2 Bf8 29. a5 Rb8 30. axb6 axb6 31. Rc3 Bh6 32. Qf3 O-O 33. Nc1 Kh7 34. Ne2 Rg8 35. Rac1 Rg7 36. Rg1 Rbg8 37. Rxg7+ Rxg7 38. Rb3 Qd8 39. Rc3 Qh4 40. Rc1 Rg4 41. Rf1 1/2-1/2

[Event "Tbilisi Gaprindashvili Cup"]
[Site "Tbilisi"]
[Date "2016.04.22"]
[Round "1"]
[White "Zhigalko, Sergei"]
[Black "Sargsyan, Shant"]
[Result "1/2-1/2"]
[WhiteElo "2647"]
[BlackElo "2339"]
[PlyCount "65"]
[EventDate "2016.04.22"]
[EventType "swiss"]
[EventRounds "9"]
[EventCountry "GEO"]
[SourceTitle "CBM 172 Extra"]
[Source "ChessBase"]
[SourceDate "2016.06.21"]
[SourceVersion "1"]
[SourceVersionDate "2016.06.21"]
[SourceQuality "1"]

1. e4 c5 2. Nf3 e6 3. c3 Nf6 4. e5 Nd5 5. Bc4 d6 6. d4 cxd4 7. cxd4 Nc6 8. O-O Be7 9. Bd2 O-O 10. Nc3 Nb6 11. Bb3 Na5 12. Bc2 Nac4 13. Qe2 Nxd2 14. Nxd2 Bd7 15. Rad1 Bc6 16. Nde4 Rc8 17. Rfe1 g6 18. Bb3 d5 19. Nd2 Qd7 20. Nf3 Na4 21. Bxa4 Bxa4 22. Rc1 a6 23. h4 h5 24. g3 Kg7 25. Kg2 Bb5 26. Qe3 Bc4 27. b3 Bb5 28. a4 Bc6 29. Ne2 b5 30. axb5 Bxb5 31. Nf4 Rxc1 32. Rxc1 Rc8 33. Ng5 1/2-1/2

[Event "Tbilisi Gaprindashvili Cup"]
[Site "Tbilisi"]
[Date "2016.04.24"]
[Round "3"]
[White "Zhigalko, Sergei"]
[Black "Beradze, Irakli"]
[Result "1-0"]
[WhiteElo "2647"]
[BlackElo "2425"]
[PlyCount "93"]
[EventDate "2016.04.22"]
[EventType "swiss"]
[EventRounds "9"]
[EventCountry "GEO"]
[SourceTitle "CBM 172 Extra"]
[Source "ChessBase"]
[SourceDate "2016.06.21"]
[SourceVersion "1"]
[SourceVersionDate "2016.06.21"]
[SourceQuality "1"]

1. e4 e5 2. Nf3 Nc6 3. Bb5 a6 4. Ba4 Nf6 5. O-O Be7 6. Re1 b5 7. Bb3 d6 8. c3 O-O 9. h3 Bb7 10. d4 Re8 11. Nbd2 Bf8 12. a3 exd4 13. cxd4 Na5 14. Bc2 c5 15. b4 cxb4 16. axb4 Nc6 17. Rb1 Rc8 18. d5 Ne5 19. Bb2 g6 20. Ba1 Nfd7 21. Nd4 Bh6 22. Nf1 Nc4 23. Rb3 Nde5 24. Ne2 Bg7 25. f4 Nd7 26. Nd4 Qb6 27. Rd3 Nf6 28. Ng3 h5 29. Kh2 Bh8 30. Rf3 Qd8 31. Bb1 h4 32. Nf1 Qe7 33. Re2 Nh5 34. Kh1 Bg7 35. Qe1 Bxd4 36. Bxd4 Bxd5 37. Bf2 Ba8 38. Bxh4 Qa7 39. Bf2 Qe7 40. Ng3 Nxg3+ 41. Rxg3 Qf6 42. f5 Ne5 43. Bd4 Rc7 44. Ba2 Kg7 45. fxg6 fxg6 46. Rf2 Qh4 47. Rc3 1-0

[Event "Tbilisi Gaprindashvili Cup"]
[Site "Tbilisi"]
[Date "2016.04.25"]
[Round "4"]
[White "Shanava, Konstantine"]
[Black "Zhigalko, Sergei"]
[Result "1-0"]
[WhiteElo "2516"]
[BlackElo "2647"]
[PlyCount "79"]
[EventDate "2016.04.22"]
[EventType "swiss"]
[EventRounds "9"]
[EventCountry "GEO"]
[SourceTitle "CBM 172 Extra"]
[Source "ChessBase"]
[SourceDate "2016.06.21"]
[SourceVersion "1"]
[SourceVersionDate "2016.06.21"]
[SourceQuality "1"]

1. e4 e5 2. Nc3 Nf6 3. g3 Bc5 4. Bg2 Nc6 5. Nge2 a6 6. h3 O-O 7. O-O d6 8. d3 h6 9. Kh2 Nd4 10. Nxd4 Bxd4 11. Ne2 Ba7 12. f4 Re8 13. f5 a5 14. g4 a4 15. a3 Bd7 16. Ng3 Nh7 17. Bd2 f6 18. h4 Rf8 19. Ne2 Be8 20. Ng1 Bf7 21. Nh3 Bd4 22. c3 Bc5 23. Rf3 d5 24. Rg3 Be7 25. Qe2 Ra6 26. Rg1 Rb6 27. Bc1 Kh8 28. Bf3 Rg8 29. R1g2 d4 30. c4 g5 31. fxg6 Rxg6 32. g5 fxg5 33. Bh5 Rg7 34. Bxf7 Rxf7 35. Qh5 Rf1 36. hxg5 Rxc1 37. g6 Bh4 38. Rf3 Ng5 39. Qxh6+ Kg8 40. Nxg5 1-0

[Event "Tbilisi Gaprindashvili Cup"]
[Site "Tbilisi"]
[Date "2016.04.27"]
[Round "6"]
[White "Kekelidze, Mikheil"]
[Black "Zhigalko, Sergei"]
[Result "0-1"]
[WhiteElo "2404"]
[BlackElo "2647"]
[PlyCount "90"]
[EventDate "2016.04.22"]
[EventType "swiss"]
[EventRounds "9"]
[EventCountry "GEO"]
[SourceTitle "CBM 172 Extra"]
[Source "ChessBase"]
[SourceDate "2016.06.21"]
[SourceVersion "1"]
[SourceVersionDate "2016.06.21"]
[SourceQuality "1"]

1. d4 Nf6 2. c4 e6 3. Nf3 b6 4. g3 Ba6 5. Qc2 c5 6. d5 exd5 7. cxd5 g6 8. e4 Bxf1 9. Kxf1 d6 10. Kg2 Bg7 11. Nc3 O-O 12. Bf4 a6 13. Rhe1 Nh5 14. Bg5 Qc7 15. Qd2 Nd7 16. Bh6 b5 17. a4 b4 18. Bxg7 Kxg7 19. Ne2 Rfe8 20. Qc2 Rac8 21. h3 Nhf6 22. Nf4 c4 23. a5 Qc5 24. g4 Ne5 25. g5 Nfd7 26. Nh2 h6 27. gxh6+ Kxh6 28. Re3 Nf6 29. Ng4+ Nfxg4 30. hxg4 Kg7 31. Rg3 Rh8 32. Qd2 c3 33. bxc3 bxc3 34. Qe2 c2 35. Rc1 Rh4 36. Nd3 Qc4 37. Nf4 Nxg4 38. Qxc4 Rxc4 39. Rb3 Nxf2 40. Ne6+ fxe6 41. Kxf2 exd5 42. exd5 Rh2+ 43. Kg3 Rd2 44. Rb2 Rc3+ 45. Kf4 Rd4+ 0-1

[Event "Tbilisi Gaprindashvili Cup"]
[Site "Tbilisi"]
[Date "2016.04.28"]
[Round "7"]
[White "Zhigalko, Sergei"]
[Black "Petrosyan, Manuel"]
[Result "1-0"]
[WhiteElo "2647"]
[BlackElo "2480"]
[PlyCount "63"]
[EventDate "2016.04.22"]
[EventType "swiss"]
[EventRounds "9"]
[EventCountry "GEO"]
[SourceTitle "CBM 172 Extra"]
[Source "ChessBase"]
[SourceDate "2016.06.21"]
[SourceVersion "1"]
[SourceVersionDate "2016.06.21"]
[SourceQuality "1"]

1. d4 Nf6 2. c4 e6 3. Nf3 b6 4. a3 Bb7 5. Nc3 d5 6. cxd5 Nxd5 7. Qc2 Be7 8. e4 Nxc3 9. bxc3 O-O 10. Bd3 c5 11. O-O Qc8 12. Qe2 Ba6 13. Rd1 Bxd3 14. Rxd3 cxd4 15. cxd4 Nd7 16. e5 Re8 17. Bg5 Bf8 18. Bf4 Qc4 19. Rc1 Qd5 20. Ng5 h6 21. Ne4 Rac8 22. Rcd1 Rc4 23. Bxh6 Nxe5 24. Nf6+ gxf6 25. dxe5 Re4 26. Rg3+ Kh7 27. Qh5 Qxd1+ 28. Qxd1 Bxh6 29. exf6 Rc8 30. Rh3 Rec4 31. Qd3+ Kg8 32. g3 1-0

[Event "Tbilisi Gaprindashvili Cup"]
[Site "Tbilisi"]
[Date "2016.04.29"]
[Round "8"]
[White "Romanov, Evgeny"]
[Black "Zhigalko, Sergei"]
[Result "1/2-1/2"]
[WhiteElo "2635"]
[BlackElo "2647"]
[PlyCount "188"]
[EventDate "2016.04.22"]
[EventType "swiss"]
[EventRounds "9"]
[EventCountry "GEO"]
[SourceTitle "CBM 172 Extra"]
[Source "ChessBase"]
[SourceDate "2016.06.21"]
[SourceVersion "1"]
[SourceVersionDate "2016.06.21"]
[SourceQuality "1"]

1. d4 Nf6 2. c4 e6 3. Nf3 b6 4. g3 Ba6 5. Qc2 Bb7 6. Bg2 c5 7. d5 exd5 8. cxd5 Nxd5 9. O-O Nc6 10. Rd1 Be7 11. Qa4 Nf6 12. Nh4 O-O 13. Nf5 d5 14. Nc3 Nd4 15. Nxd4 cxd4 16. Qxd4 Bc5 17. Qa4 Qe8 18. Qxe8 Rfxe8 19. e3 Rad8 20. Bd2 Ne4 21. Nxe4 dxe4 22. Bc3 Kf8 23. h4 f6 24. Bh3 Ke7 25. h5 Bc8 26. Kg2 Bxh3+ 27. Kxh3 Ke6 28. g4 g6 29. hxg6 hxg6 30. Kg2 Rxd1 31. Rxd1 Rc8 32. Rc1 Bb4 33. Bd2 Rxc1 34. Bxc1 b5 35. Kf1 f5 36. gxf5+ Kxf5 37. a3 Ba5 38. Ke2 Kg4 39. b4 Bc7 40. Bb2 a6 41. Bd4 g5 42. Bc3 Kf5 43. Kd1 Be5 44. Bd2 Kg4 45. Ke2 Bb2 46. Be1 Bc1 47. Kd1 Bxa3 48. Ke2 Bb2 49. Bd2 Be5 50. Be1 Kh3 51. Kf1 Kg4 52. Ke2 Kf5 53. Kd1 Bh2 54. Bd2 Ke6 55. Kc2 Kd5 56. Kb3 Ke5 57. Kc2 Ke6 58. Bc3 Bc7 59. Bd2 Kd5 60. Kb3 Kc6 61. Be1 Kb7 62. Bc3 Kc6 63. Bd2 Kd5 64. Be1 g4 65. Bc3 Bd8 66. Bd2 Bf6 67. Be1 Be5 68. Bd2 Bh2 69. Be1 Bg1 70. Kc3 g3 71. fxg3 Bxe3 72. g4 Ke5 73. Bg3+ Bf4 74. Bh4 Bh2 75. Bd8 Bg1 76. Bc7+ Kd5 77. Bf4 Bd4+ 78. Kd2 Kc4 79. Bd6 Kd5 80. Bf4 Bb6 81. Ke2 Bd8 82. Bd2 Ke5 83. Kf2 Bh4+ 84. Ke2 Bg3 85. Bh6 Bf4 86. Bg7+ Ke6 87. Bc3 Bg5 88. Kf2 Kf7 89. Ke2 Kg6 90. Bd2 Be7 91. Ke3 Bg5+ 92. Ke2 Be7 93. Ke3 Bg5+ 94. Ke2 Be7 1/2-1/2

[Event "Tbilisi Gaprindashvili Cup"]
[Site "Tbilisi"]
[Date "2016.04.30"]
[Round "9"]
[White "Zhigalko, Sergei"]
[Black "Sutovsky, Emil"]
[Result "1/2-1/2"]
[WhiteElo "2647"]
[BlackElo "2622"]
[PlyCount "25"]
[EventDate "2016.04.22"]
[EventType "swiss"]
[EventRounds "9"]
[EventCountry "GEO"]
[SourceTitle "CBM 172 Extra"]
[Source "ChessBase"]
[SourceDate "2016.06.21"]
[SourceVersion "1"]
[SourceVersionDate "2016.06.21"]
[SourceQuality "1"]

1. e4 c5 2. Nf3 Nc6 3. Bb5 g6 4. Bxc6 bxc6 5. O-O Bg7 6. d3 d6 7. e5 Bg4 8. h3 Bxf3 9. Qxf3 Qd7 10. exd6 exd6 11. Nd2 Ne7 12. Ne4 f5 13. Nc3 1/2-1/2